000 00560nam a2200217Ia 4500
005 20250508165054.0
008 008 250505s9999 xx 000 0 hin d
020 _a81-7201-296-9
037 _aTextual
040 _aFEDL
_beng
_cFEDL
041 _ahin
_2hin
084 _a891.438, XUN
_qFEDL
100 _aXun Lu
245 0 _aLu Xun ki rachnayen
260 _aNew Delhi, India
_bSahitya Akademi
_c1992
300 _a323p.
365 _aINR
_b1500
546 _aMACESE
942 _cTEXL
_h891.438, XUN
999 _c1392991
_d1392991